| 000 | 00446nam a2200157Ia 4500 | ||
|---|---|---|---|
| 003 | GCL | ||
| 008 | 140319s9999 xx 000 0 eng d | ||
| 040 |
_aGCL / _cGCL |
||
| 082 | 0 | 4 |
_a158.7 _bF P |
| 100 | 1 | _aFURNHAN, ADRIAN | |
| 245 | 1 | 0 |
_aPERSONALITY AT WORK: THE ROLE OF INDIVIDUAL DIFFERENCES IN THE WORKPLACE / _cFURNHAN, ADRIAN |
| 260 |
_a[S.N] : _bROUTLEDGE ، _c1992 |
||
| 300 | _a423 P | ||
| 650 | 0 | 4 | _aPERSONALITY TESTS |
| 942 |
_2ddc _cBK |
||
| 999 |
_c21196 _d21196 |
||